1498 1244 1406 1439 1324 1448 1548 1355 1067 1438 1009 1942 1026 1696 1872 1627 1567 1227 1571 1162 1352 1181 1036 1751 1594 1092 1960 1273 1063 1708 1406 1304 1205 1947 1197 1672 1719 1450 1390 1859 1390 1588 1985 1336 1830 1983 1378 1209 1818 1360 1265 1564 1886 1739 1215 1259 1548 1957 1708 1580 1336 1773 1849 1298 1137 1681 1690 1386 1259 1851 1721 1081 1957 1801 1330 1201 1942 1380 1956 1456 1337 1495 1381 1602 1005 1116 1563 1995 1235 1184 1175 1231 1359 1908 1291 1406 1500 1654 1783 BCNSPRNW ULIB Ver.6.0+V

เปลี่ยนเป็นภาษาไทย

Change to English
 แสดงรายละเอียดบรรณานุกรม
  กลับหน้าหลัก

Brief Record : Get Marc (ISO 2709) : E-mail record : QR code < ปิดหน้าต่าง
LEADER : 00000nam 2200000uu 4500
001    13399122018
003     ULIB
008    121220s2553||||th 000 0 tha d
020    ^a9786167287492
060  4 ^aWY159^bต367ภ ล.2
110 1  วิทยาลัยพยาบาลสภากาชาดไทย, ภาควิชาการพยาบาลเด็กและการผดุงครรภ์
245 00 ^aตำราการพยาบาลเด็ก^nเล่ม 2./^cภาควิชาการพยาบาลเด็กและการผดุงครรภ์ วิทยาลัยพยาบาลสภากาชาดไทย
260    ^aกรุงเทพฯ :^bภาควิชาการพยาบาลเด็กและการผดุงครรภ์ วิทยาลัยพยาบาลสภากาชาดไทย,^c2553
300    ^a215 หน้า :^bภาพประกอบ
505 0  ^aการพยาบาลเด็กที่มีปัญหาการขับถ่ายอุจจาระ - - การพยาบาลเด็กที่มีปัญหาการรู้สติ - - การพยาบาลเด็กที่มีปัญหาการรับความรู้สึก - - การพยาบาลเด็กที่มีปัญหาการเคลื่อนไหว - - การพยาบาลเด็กที่มีปัญหาการปกป้องร่างกาย : ภูมิคุ้มกัน - - การพยาบาลเด็กที่มีปัญหาการปกป้องร่างกาย : ผิวหนัง - - การพยาบาลเด็กที่มีปัญหาการปกป้องร่างกาย : อุณหภูมิ - - การพยาบาลเด็กที่มีปัญหาการปกป้องร่างกาย :เลือดออกผิดปกติ
650  7 ^aการพยาบาลกุมารเวชศาสตร์
710 1  ^aวิทยาลัยพยาบาลสภากาชาดไทย.^bภาควิชาการพยาบาลเด็กและการผดุงครรภ์
945    ^p260^l0^i033238
945    ^p260^l0^i033239
945    ^p260^l0^i033240
995    ^a เกษร
999    ^aใช้งานได้ทุกระบบ
รายการนี้ยังไม่มีแท็ก
คุณยังไม่ได้ล็อกอิน คุณสามารถมีกิจกรรมร่วมกับเว็บไซต์ได้ แต่ต้องล็อกอินก่อน ::
  ล็อกอิน

รายการสื่อสารสนเทศ

ลำดับที่ ประเภท เลขเรียก/บาร์โค้ด สถานที่ สถานะ
1. Book การพยาบาล
Book การพยาบาล
WY159 ต367ภ ล.2 ฉ 
  Barcode: 033238
ห้องสมุดวิทยาเขตสวรรค์ประชารักษ์
►ส่วนจัดเก็บหนังสือเก่า สปร
บนชั้น
  ขอยืม
2. Book การพยาบาล
Book การพยาบาล
WY159 ต367ภ ล.2 ฉ.2 
  Barcode: 033239
ห้องสมุดวิทยาเขตสวรรค์ประชารักษ์
►ส่วนจัดเก็บหนังสือเก่า สปร
บนชั้น
  ขอยืม
3. Book การพยาบาล
Book การพยาบาล
WY159 ต367ภ ล.2 ฉ.3 
  Barcode: 033240
ห้องสมุดวิทยาเขตสวรรค์ประชารักษ์
►ส่วนจัดเก็บหนังสือเก่า สปร
บนชั้น
  ขอยืม

รายการใกล้เคียง
    หัวเรื่อง [การพยาบาลกุมารเวชศาสตร์]

BibComment


ยังไม่เคยถูกคอมเมนท์

คอมเมนท์ทรัพยากรรายการนี้
  คอมเมนท์: ตำราการพยาบาลเด็..


 Copyright 2026. Bcnsprnw @Library